书目信息 |
| 题名: |
FrontPage2002XP中文版直通车
|
|
| 作者: | 刘胜雷 编著 | |
| 分册: | ||
| 出版信息: | 北京 清华大学出版社 2001.06 |
|
| 页数: | 313页 | |
| 开本: | 26cm | |
| 丛书名: | ||
| 单 册: | ||
| 中图分类: | TP393.092 | |
| 科图分类: | ||
| 主题词: | 计算机应用 | |
| 电子资源: | ||
| ISBN: | 7-302-04556-9 | |
| 000 | 00600nam0 2200193 45 | |
| 001 | 0238643139 | |
| 005 | 2002052010440283 | |
| 010 | @a7-302-04556-9@dRMB 29.00 | |
| 100 | @a20020520d2001 km y0chiy0120 ea | |
| 101 | 0 | @achi |
| 102 | @aCN@b110000 | |
| 200 | 1 | @aFrontPage2002XP中文版直通车@AFrontPage2002XP Zhong Wen Ban Zhi Tong Che@f刘胜雷等编著@FLiu Sheng Lei Deng Bian Zhu |
| 210 | @a北京@c清华大学出版社@d2001.06 | |
| 215 | @a313页@d26cm | |
| 606 | 0 | @a计算机应用 |
| 690 | @aTP393.092@v3 | |
| 701 | 0 | @a刘胜雷@ALiu Sheng Lei@4编著 |
| 801 | 0 | @aCN@bPFT@c20020520 |
| 905 | @a安徽大学@dTP393.092@eL673 | |
| FrontPage2002XP中文版直通车/刘胜雷等编著.-北京:清华大学出版社,2001.06 |
| 313页;26cm |
| ISBN 7-302-04556-9:RMB 29.00 |
| ● |
| 相关链接 |
|
|
|
正题名:FrontPage2002XP中文版直通车
索取号:TP393.092/L673
 
预约/预借
| 序号 | 登录号 | 条形码 | 馆藏地/架位号 | 状态 | 备注 |
| 1 | 354245 | 203542452 | 自科库301/301自科库 127排1列5层/ [索取号:TP393.092/L673] | 在馆 | |
| 2 | 354246 | 203542461 | 期刊室512/301自科库 127排1列5层/ [索取号:TP393.092/L673] | 在馆 |